Estampas pueblerinas

Gespeichert in:
Bibliographische Detailangaben
1. Verfasser: Kattán Zablah, Jorge
Format: Buch
Sprache:Undetermined
Veröffentlicht: San José, Costa Rica Texto Ltda 1981
Schlagworte:
Tags: Tag hinzufügen
Keine Tags, Fügen Sie den ersten Tag hinzu!

MARC

LEADER 00000nam a2200000Ia 4500
008 170316s9999 xx 000 0 und d
040 |a cru BVZT 
090 |a 868 K-1e 
100 |a Kattán Zablah, Jorge 
245 |a Estampas pueblerinas 
260 |a San José, Costa Rica 
260 |b Texto Ltda 
260 |c 1981 
300 |a 111 páginas 
650 |a LITERATURA COSTARRICENSE 
650 |a CUENTO 
650 |a RELATO 
942 |c 15 D 
999 |c 11238  |d 11238